Normale Ansicht
MARC-Ansicht
Eintrag Personenname
001 - Kontrollnummer
- Kontrollfeld: 16935
003 - Kontrollnummer Identifier
- Kontrollfeld: RU-10907106
005 - Datum und Zeit der letzten Transaktion
- Kontrollfeld: 20221118094035.0
008 - Datenelemente mit fester Länge
- Kontrollfeld mit fester Länge: 221118|| aca||aabn | a|a d
040 ## - Katalogisierungsquelle
- Original-Katalogisierungsstelle: RU-10907106
- Übertragungsstelle: RU-10907106
100 ## - Ansetzung - Personenname
- Personenname: Bundesministerium für Wissenschaft und Forschung ... [Gesamtkoordination: Hugo Portisch ...]
670 ## - Datenquelle
- Quellenangabe: Work cat.: (RU-10907106)27310: 25 Jahre Staatsvertrag 4 Protokolle des wissenschaftlichen Symposions "Justiz und Zeitgeschichte" 24. und 25. Oktober 1980. "Die österreichische Justiz - die Justiz in Österreich 1933 bis 1955"